The biology of Orbignya martiana (PALMAE), a tropical dry forest dominant in Brazil /

Bibliographic Details
Main Author: Anderson, Anthony B. (Anthony Bennett), 1950-
Format: Thesis Microform Book
Language:English
Published: [Place of publication not identified] : [publisher not identified] ; 1983.
Subjects:

MARC

Tag First Indicator Second Indicator Subfields
LEADER 00000cam a2200000 a 4500
001 in00000030238
005 20151007060239.0
007 he amb|||||||
008 880915r19841983miuab bb 00010 eng d
035 |a (OCoLC)18486625 
035 |9 AAC0402AM 
040 |a TXA  |c TXA  |d UtOrBLW 
043 |a s-bl--- 
049 |a TXAI 
099 |a fiche  |a C  |a 8385 
100 1 |a Anderson, Anthony B.  |q (Anthony Bennett),  |d 1950- 
245 1 4 |a The biology of Orbignya martiana (PALMAE), a tropical dry forest dominant in Brazil /  |c by Anthony B. Anderson. 
264 1 |a [Place of publication not identified] :  |b [publisher not identified] ;  |c 1983. 
300 |a xiii, 194 leaves :  |b illustrations, maps. 
336 |a text  |b txt  |2 rdacontent 
337 |a microform  |b h  |2 rdamedia 
338 |a microfiche  |b he  |2 rdacarrier 
502 |b Ph. D.  |c University of Florida  |d 1983. 
500 |a Vita. 
504 |a Bibliography: leaves 168-178. 
533 |a Microfiche.  |b Ann Arbor, Mich. :  |c University Microfilms International,  |d 1984.  |e 3 microfiches ; 11 x 15 cm. 
500 |a Microform. 
650 0 |a Babassu. 
650 0 |a Palms  |z Brazil  |z Maranhão. 
651 0 |a Maranhão (Brazil) 
999 |a MARS 
999 f f |s 20b3a349-187d-391d-a610-166be9e22dff  |i 63f97290-4a9f-39c2-8845-5ec5f5aeec2f  |t 0 
952 f f |p normal  |a Texas A&M University  |b College Station  |c Sterling C. Evans Library  |d Evans: Microforms (3rd floor)  |t 0  |e fiche C 8385  |h Other scheme  |i microform -- microfiche  |m A14822821534 
998 f f |a fiche C 8385  |t 0  |l Evans: Microforms (3rd floor)